| 000 | 00392nam a22001457a 4500 | ||
|---|---|---|---|
| 005 | 20200619142449.0 | ||
| 008 | 200619b xxu||||| |||| 00| 0 eng d | ||
| 082 | _a345.4 LIC | ||
| 110 |
_aALL INDIA REPORTER _96225 |
||
| 245 | _aLABOUR AND INDUSTRIAL CASES [1973] V-6 JOURNAL | ||
| 260 |
_aMUMBAI _bALL INDIA REPORTER Pvt.Ltd. _c1973 |
||
| 300 | _a848p. | ||
| 650 |
_aLAW _95701 |
||
| 942 | _cJRL | ||
| 999 |
_c7321 _d7319 |
||